| 000 | 00000nam##2200000za#4500 |
| 001 | 9.682241 |
| 003 | CaOODSP |
| 005 | 20200401060229 |
| 007 | ta |
| 008 | 150407|2003||||xxc||||| f|0| 0 fre|d |
| 040 | |aCaOODSP|bfre |
| 043 | |an-cn--- |
| 086 | 1 |aRC31-17/2003F |
| 110 | 1 |aCanada.|bCommission des revendications des Indiens. |
| 245 | 10|aEnquête sur la Première Nation des Mississaugas de la New Credit, revendication relative à l'achat de Toronto / |cComité: Daniel J. Bellegarde, commissaire. |
| 246 | 14|aPremière Nation des Mississaugas de la New Credit: objet du rapport: Enquête sur la Revendication relative à l'achat de Toronto |
| 260 | |aOttawa - Ontario : |bCommission des revendications des Indiens |c2003. |
| 300 | |a[1], 33, [4]p. : |bcarte en couleur, références ; |c28 cm. |
| 563 | |aReliure à spirale |
| 590 | |a03-39|b2003-09-26 |
| 691 | 07|aAutochtones|2gcpds |
| 691 | 07|aRevendication|2gcpds |
| 775 | 08|tMississaugas of the New Credit First Nation Inquiry, Toronto Purchase Claim / |w(CaOODSP)9.649010 |
| 776 | 0#|tEnquête sur la Première Nation des Mississaugas de la New Credit, revendication relative à l'achat de Toronto / |w(CaOODSP)9.631130 |